| 000 | 00473nam a2200193 a 4500 | ||
|---|---|---|---|
| 001 | 1766491393607 | ||
| 003 | ACL | ||
| 005 | 20251223173703.0 | ||
| 008 | 251223s1957##################000#0#eng## | ||
| 020 | _a9780415264228 | ||
| 082 | 0 | 4 |
_a649.1 _bWIN |
| 100 | 1 |
_aWinnicott, Donald Woods, _eauthor. |
|
| 245 | 1 | 0 | _aThe Child and the Family : |
| 260 |
_bRoutledge, _c1957. |
||
| 300 | _a147 pages | ||
| 650 | 0 | _aPsychology. | |
| 942 | _cENGLISH | ||
| 040 |
_aACL _beng _cACL |
||
| 999 |
_c604315 _d604315 |
||